00526nam a2200169Ia 4500008004100000020001800041041000800059082001300067100001700080245004100097250000600138260004400144300001200188650001500200999001900215952012200234210716s2012 xx 000 0 und d a9788184952209 aeng a658 MANS aMandal, S K. aManagement: principles and practice. a1 aNew DelhibJaico Publishing Housec2012 axvi,484 aMANAGEMENT c208635d208635 001040708MBAaAIMITbAIMITd2014-10-08g375.00l0o658 MANSpMBA11201r2026-05-23 00:00:00v300.00w2021-07-16yBK